Culture / (Record no. 26910)
[ view plain ]
| 000 -LEADER | |
|---|---|
| fixed length control field | 01770cam a22003735a 4500 |
| 001 - CONTROL NUMBER | |
| control field | 13565038 |
| 005 - DATE AND TIME OF LATEST TRANSACTION | |
| control field | 20201128024357.0 |
| 008 - FIXED-LENGTH DATA ELEMENTS--GENERAL INFORMATION | |
| fixed length control field | 040420s2005 enk frb 001 0 eng d |
| 010 ## - LIBRARY OF CONGRESS CONTROL NUMBER | |
| LC control number | 2004008423 |
| 015 ## - NATIONAL BIBLIOGRAPHY NUMBER | |
| National bibliography number | GBA4X1591 |
| Source | bnb |
| 016 7# - NATIONAL BIBLIOGRAPHIC AGENCY CONTROL NUMBER | |
| Record control number | 012879444 |
| Source | Uk |
| 020 ## - INTERNATIONAL STANDARD BOOK NUMBER | |
| International Standard Book Number | 0415338689 (softcover) |
| 020 ## - INTERNATIONAL STANDARD BOOK NUMBER | |
| International Standard Book Number | 9780415338684 |
| 035 ## - SYSTEM CONTROL NUMBER | |
| System control number | (OCoLC)ocm55019381 |
| 040 ## - CATALOGING SOURCE | |
| Original cataloging agency | DLC |
| Language of cataloging | eng |
| Transcribing agency | DLC |
| Modifying agency | YDX |
| -- | UKM |
| -- | MUQ |
| -- | BAKER |
| -- | NLGGC |
| -- | DLC |
| -- | EG-ScBUE |
| 082 04 - DEWEY DECIMAL CLASSIFICATION NUMBER | |
| Classification number | 306 |
| Item number | JEN |
| Edition number | 22 |
| 100 1# - MAIN ENTRY--PERSONAL NAME | |
| Personal name | Jenks, Chris. |
| 9 (RLIN) | 41846 |
| 245 10 - TITLE STATEMENT | |
| Title | Culture / |
| Statement of responsibility, etc | Chris Jenks. |
| 250 ## - EDITION STATEMENT | |
| Edition statement | 2nd ed. |
| 260 ## - PUBLICATION, DISTRIBUTION, ETC. (IMPRINT) | |
| Place of publication, distribution, etc | Oxon ; |
| -- | New York : |
| Name of publisher, distributor, etc | Routledge / Taylor & Francis, |
| Date of publication, distribution, etc | 2005. |
| 300 ## - PHYSICAL DESCRIPTION | |
| Extent | xii, 234 p. ; |
| Dimensions | 21 cm. |
| 490 0# - Series Statement | |
| Series statement | Key ideas |
| 504 ## - BIBLIOGRAPHY, ETC. NOTE | |
| Bibliography, etc | Includes bibliographical references (p. [214]-224) and index. |
| 505 0# - FORMATTED CONTENTS NOTE | |
| Formatted contents note | The origins of the concept of culture in philosophy and the literary tradition -- The relation between culture and social structure -- Culture, idealism and social action -- Culture, Marxism and materialism -- Cultural stratification -- Cultural reproduction -- Subculture -- Visual culture -- Urban culture -- Culture and postmodernism -- Cultural studies : what is it? |
| 520 ## - SUMMARY, ETC. | |
| Summary, etc | Culture provides a comprehensive introduction to one of the buzz words of today. It argues that we must locate it within traditions of thought and not treat it as a modern invention or discovery.<br/> |
| 650 #7 - SUBJECT ADDED ENTRY--TOPICAL TERM | |
| Topical term or geographic name as entry element | Culture |
| General subdivision | Philosophy. |
| Source of heading or term | BUEsh |
| 650 #7 - SUBJECT ADDED ENTRY--TOPICAL TERM | |
| Topical term or geographic name as entry element | Social structure. |
| Source of heading or term | BUEsh |
| 9 (RLIN) | 1542 |
| 651 ## - SUBJECT ADDED ENTRY--GEOGRAPHIC NAME | |
| Source of heading or term | BUEsh |
| 653 ## - INDEX TERM--UNCONTROLLED | |
| Resource For college | Communication and mass media |
| Arrived date list | October2018 |
| 655 ## - INDEX TERM--GENRE/FORM | |
| Form subdivision | Reading book |
| -- | 34232 |
| 856 41 - ELECTRONIC LOCATION AND ACCESS | |
| Materials specified | Table of contents |
| Uniform Resource Identifier | <a href="http://www.loc.gov/catdir/toc/ecip0417/2004008423.html">http://www.loc.gov/catdir/toc/ecip0417/2004008423.html</a> |
| 856 42 - ELECTRONIC LOCATION AND ACCESS | |
| Materials specified | Publisher description |
| Uniform Resource Identifier | <a href="http://www.loc.gov/catdir/enhancements/fy0651/2004008423-d.html">http://www.loc.gov/catdir/enhancements/fy0651/2004008423-d.html</a> |
| 942 ## - ADDED ENTRY ELEMENTS (KOHA) | |
| Source of classification or shelving scheme | Dewey Decimal Classification |
| Withdrawn status | Item status | Source of classification or shelving scheme | Damaged status | Not for loan | Vendor | Home library | Current library | Shelving location | Date acquired | Source of acquisition | Cost, normal purchase price | Total Checkouts | Full call number | Barcode | Date last seen | Koha item type |
|---|---|---|---|---|---|---|---|---|---|---|---|---|---|---|---|---|
| Dewey Decimal Classification | Baccah | Central Library | Central Library | First floor | 30/10/2018 | Purchase | 620.00 | 306 JEN | 000043693 | 18/08/2021 | NB - Book (Non borrowing) | |||||
| Dewey Decimal Classification | Baccah | Central Library | Central Library | First floor | 30/10/2018 | Purchase | 306 JEN | 000043694 | 18/08/2021 | Book - Borrowing | ||||||
| Dewey Decimal Classification | Baccah | Central Library | Central Library | First floor | 30/10/2018 | Purchase | 306 JEN | 000043695 | 18/08/2021 | Book - Borrowing |